India and south asia (Record no. 2776)
[ view plain ]
| 000 -LEADER | |
|---|---|
| fixed length control field | 00466nam a22001697a 4500 |
| 003 - CONTROL NUMBER IDENTIFIER | |
| control field | URS |
| 005 - DATE AND TIME OF LATEST TRANSACTION | |
| control field | 20220114142254.0 |
| 008 - FIXED-LENGTH DATA ELEMENTS--GENERAL INFORMATION | |
| fixed length control field | 190917s1997 a|||| |||| 00| 0 eng d |
| 020 ## - INTERNATIONAL STANDARD BOOK NUMBER | |
| International Standard Book Number | 0697374246 |
| 040 ## - CATALOGING SOURCE | |
| Transcribing agency | URS |
| Language of cataloging | eng |
| Modifying agency | rda |
| 050 14 - LIBRARY OF CONGRESS CALL NUMBER | |
| Classification number | DS 448 |
| Item number | .I3911 1997 |
| 100 ## - MAIN ENTRY--PERSONAL NAME | |
| Personal name | Norton, James H.K |
| 245 10 - TITLE STATEMENT | |
| Title | India and south asia |
| Statement of responsibility, etc. | James H.K Norton |
| 260 ## - PUBLICATION, DISTRIBUTION, ETC. | |
| Place of publication, distribution, etc. | Guilford: |
| Name of publisher, distributor, etc. | McGraw Hill; |
| Date of publication, distribution, etc. | [1997] |
| 300 ## - PHYSICAL DESCRIPTION | |
| Extent | xii, 212 pages: |
| Other physical details | with Illustrations; |
| Dimensions | 27 cm. |
| 942 ## - ADDED ENTRY ELEMENTS (KOHA) | |
| Source of classification or shelving scheme | Library of Congress Classification |
| Koha item type | Foreign Books |
| Withdrawn status | Source of classification or shelving scheme | Damaged status | Not for loan | Collection code | Home library | Current library | Shelving location | Date acquired | Total Checkouts | Full call number | Barcode | Date last seen | Price effective from | Koha item type |
|---|---|---|---|---|---|---|---|---|---|---|---|---|---|---|
| Library of Congress Classification | Non-fiction | Cainta College Library | Cainta College Library | On Display | 09/06/2017 | DS 448.I3911 1997 | URSCAI-946 | 09/06/2017 | 09/06/2017 | Foreign Books |